|
|
|
|
| LEADER |
01457nam a2200397Ia 4500 |
| 001 |
EBC166441 |
| 003 |
MiAaPQ |
| 005 |
20200520144314.0 |
| 006 |
m o d | |
| 007 |
cr cn||||||||| |
| 008 |
980414s1999 enk sb 001 0 eng d |
| 010 |
|
|
|z 98011844
|
| 020 |
|
|
|z 020344566X
|
| 020 |
|
|
|z 0415184312
|
| 035 |
|
|
|a (MiAaPQ)EBC166441
|
| 035 |
|
|
|a (Au-PeEL)EBL166441
|
| 035 |
|
|
|a (CaPaEBR)ebr10054841
|
| 035 |
|
|
|a (CaONFJC)MIL237299
|
| 035 |
|
|
|a (OCoLC)59004051
|
| 040 |
|
|
|a MiAaPQ
|c MiAaPQ
|d MiAaPQ
|
| 050 |
|
4 |
|a HC681
|b .P28295 1999
|
| 082 |
0 |
4 |
|a 330.99
|2 21
|
| 245 |
0 |
0 |
|a Pacific centuries
|h [electronic resource] :
|b Pacific and Pacific Rim economic history since the 16th century /
|c edited by Dennis O. Flynn, Lionel Frost and A.J.H. Latham.
|
| 260 |
|
|
|a London :
|b Routledge,
|c 1999.
|
| 300 |
|
|
|a x, 261 p.
|
| 504 |
|
|
|a Includes bibliographical references (p.246-49) and index.
|
| 533 |
|
|
|a Electronic reproduction. Ann Arbor, MI : ProQuest, 2015. Available via World Wide Web. Access may be limited to ProQuest affiliated libraries.
|
| 650 |
|
0 |
|a Economic history.
|
| 651 |
|
0 |
|a Pacific Area
|x Economic conditions.
|
| 651 |
|
0 |
|a Pacific Area
|x History.
|
| 655 |
|
4 |
|a Electronic books.
|
| 700 |
1 |
|
|a Flynn, Dennis Owen,
|d 1945-
|
| 700 |
1 |
|
|a Frost, Lionel.
|
| 700 |
1 |
|
|a Latham, A. J. H.
|
| 710 |
2 |
|
|a ProQuest (Firm)
|
| 856 |
4 |
0 |
|u https://ebookcentral.proquest.com/lib/matrademy/detail.action?docID=166441
|z Click to View
|